[Event "AUTO-ADV-1468"]
[Site "http://www.queenalice.com/game.php?id=649792"]
[Date "2009.9.9"]
[Round "1"]
[White "chess2009"]
[Black "fire4"]
[Result "0-1"]
[WhiteElo "1591"]
[BlackElo "1888"]

1. e4 c5 2. Bc4 Nc6 3. Qf3 e6 4. d3 Nd4 5. Qd1 b5 6. Be3 bxc4 7. Bxd4 cxd4 8.
Nf3 Qa5+ 9. c3 dxc3 10. b4 Bxb4 11. O-O cxd3 12. Qxd3 Ba6 13. Qd1 Bxf1 14. Qxf1
c2 15. Nbd2 Bxd2 16. Nxd2 Qxd2 17. Qe1 Qd4 18. Rc1 Rc8 19. a3 Nf6 20. Kh1 Nxe4
21. Kg1 O-O 22. Kf1 Rc5 23. f3 Rf5 24. Rxc2 Qd3+ 25. Re2 Rb8 26. g4 Qxf3+ 27.
Kg1 Qxg4+ 28. Rg2 Qf4 29. h3 Ng5 30. Kh1 Nxh3 31. a4 Rh5 32. Rh2 Nf2+ 33. Kg1
Qxh2+ 34. Kf1 Qf4 35. Kg1 Rg5+ 36. Kf1 Nd3+ 37. Ke2 Qe4+ 38. Kf1 Qxe1# 0-1

[Event "AUTO-ADV-1468"]
[Site "http://www.queenalice.com/game.php?id=649793"]
[Date "2009.9.9"]
[Round "1"]
[White "fire4"]
[Black "miah14"]
[Result "0-1"]
[WhiteElo "1876"]
[BlackElo "2125"]

1. c4 c5 2. e4 Nc6 3. Nf3 d6 4. Nc3 Nf6 5. d4 cxd4 6. Nxd4 Bd7 7. Be3 a6 8. g3
Ne5 9. Bg2 Nxc4 10. Qe2 b5 11. b3 Na3 12. b4 e5 13. Nf3 Rc8 14. Rc1 Bg4 15. O-O
Rc4 16. Qb2 Rxc3 17. Rxc3 Nc4 18. Qc2 Be7 19. Nd2 Be6 20. Nxc4 Bxc4 21. Rc1 O-O
22. Bf1 d5 23. exd5 Bxb4 24. Rxc4 bxc4 25. Bxc4 a5 26. Qd3 Qd6 27. Bb3 Rd8 28.
Bc2 Qxd5 29. Qxd5 Rxd5 30. Bb3 Rd8 31. Rc7 Rf8 32. Bc5 Bxc5 33. Rxc5 e4 34. Rxa5
g6 35. Re5 Re8 36. Rxe8+ Nxe8 37. Kf1 Kf8 38. Ke2 Ke7 39. Ke3 f5 40. Kf4 Kf6 41.
h4 h6 42. g4 g5+ 43. Kg3 f4+ 44. Kh3 Nd6 45. hxg5+ hxg5 46. Kg2 Ke5 47. Kf1 Kd4
48. Ke2 Nb5 49. Kd2 Nc3 50. Kc2 e3 51. fxe3+ fxe3 52. Be6 Ne4 53. a4 Nc5 54. Bf5
Nxa4 55. Kd1 Nc3+ 56. Ke1 Ke5 57. Kf1 Kf4 58. Ke1 Ne4 59. Ke2 Nf2 60. Ke1 Nxg4
0-1

[Event "AUTO-ADV-1468"]
[Site "http://www.queenalice.com/game.php?id=649794"]
[Date "2009.9.9"]
[Round "1"]
[White "miah14"]
[Black "fire4"]
[Result "1/2-1/2"]
[WhiteElo "2140"]
[BlackElo "1865"]

1. d4 d5 2. Nf3 Nc6 3. g3 Bg4 4. Bg2 g6 5. c3 Bg7 6. O-O Nf6 7. Bg5 Ne4 8. Bf4
f6 9. Na3 a6 10. h3 g5 11. Bc1 Be6 12. Qb3 b5 13. Ne1 Qd7 14. Kh2 h5 15. Nd3 h4
16. g4 f5 17. Bxe4 dxe4 18. Qd1 exd3 19. Qxd3 fxg4 20. Qg6+ Kf8 21. Qxg5 gxh3
22. Rg1 Bf6 23. Qf4 b4 24. Nc2 Rb8 25. Kh1 Rb5 26. e4 Ke8 27. Be3 Rf8 28. Qh2
Bg4 29. Ne1 e5 30. f3 exd4 31. Rd1 Ne5 32. Rxd4 Bxf3+ 33. Nxf3 Nxf3 34. Rxd7
Nxh2 35. Rgd1 Ng4 36. Ba7 c5 37. Kg1 h2+ 38. Kh1 Nf2+ 39. Kxh2 Nxd1 40. Rxd1 Rf7
41. c4 Ra5 42. Bb8 Rxa2 43. e5 Rxb2+ 44. Kh3 Be7 45. Rd3 Rf4 46. e6 Rxc4 47. Be5
Re2 48. Bf6 Bxf6 49. e7 Bxe7 50. Rd8+ Kxd8 1/2-1/2

[Event "AUTO-OPEN-1686"]
[Site "http://www.queenalice.com/game.php?id=650300"]
[Date "2009.9.10"]
[Round "1"]
[White "fire4"]
[Black "GIOLE"]
[Result "0-1"]
[WhiteElo "1873"]
[BlackElo "1953"]

1. e4 e5 2. b3 Nf6 3. Nc3 Nc6 4. Bb2 Bc5 5. Bb5 a6 6. Bxc6 bxc6 7. Nf3 d6 8. Na4
Bb6 9. d4 Nxe4 10. Qe2 Nxf2 11. Kxf2 Ba7 12. Rhd1 Bg4 13. Rd3 O-O 14. Kf1 Qf6
15. dxe5 Qe6 16. Qe4 f6 17. Bd4 Bf5 18. Qxc6 Bxd3+ 19. cxd3 Bxd4 20. exd6 Bxa1
21. Nc5 Qxd6 0-1

[Event "AUTO-OPEN-1686"]
[Site "http://www.queenalice.com/game.php?id=650301"]
[Date "2009.9.10"]
[Round "1"]
[White "GIOLE"]
[Black "fire4"]
[Result "1/2-1/2"]
[WhiteElo "1989"]
[BlackElo "1860"]

1. e4 e5 2. Nf3 d6 3. d4 Nf6 4. Bg5 Nbd7 5. Nc3 Be7 6. Bb5 c6 7. Ba4 Qa5 8. Rb1
Nxe4 9. b4 Nxc3 10. bxa5 Nxd1 11. Rxd1 Bxg5 12. Nxg5 O-O 13. dxe5 dxe5 14. O-O
Nc5 15. Bb3 h6 16. Nf3 Re8 17. h3 Be6 18. Rfe1 f6 19. Nh4 Kh7 20. Bxe6 Rxe6 21.
Nf5 Rae8 22. Ne3 e4 23. g3 1/2-1/2

[Event "AUTO-OPEN-1686"]
[Site "http://www.queenalice.com/game.php?id=650304"]
[Date "2009.9.10"]
[Round "1"]
[White "fire4"]
[Black "dreamteam"]
[Result "1-0"]
[WhiteElo "1907"]
[BlackElo "1554"]

1. c4 e5 2. e4 Nf6 3. Nc3 Bb4 4. Nge2 Bxc3 5. dxc3 Nxe4 6. Qd5 Qh4 7. Qxe5+ Kf8
8. g3 Nc6 9. Qxc7 Qf6 10. Bf4 g5 11. Be3 d6 12. Bg2 Ne5 13. Bxe4 Nxc4 14. Qxc4
Be6 15. Qb4 g4 16. Qxd6+ 1-0

[Event "AUTO-OPEN-1686"]
[Site "http://www.queenalice.com/game.php?id=650305"]
[Date "2009.9.10"]
[Round "1"]
[White "dreamteam"]
[Black "fire4"]
[Result "0-1"]
[WhiteElo "1351"]
[BlackElo "1901"]

1. e4 b6 2. Nf3 Bb7 3. Nc3 Nc6 4. Bb5 g6 5. Bxc6 dxc6 6. d4 e6 7. e5 c5 8. dxc5
Bxc5 9. Ng5 Bxg2 10. Rg1 Bd5 11. Nxd5 Qxd5 12. Qxd5 exd5 13. Bf4 h6 14. Nf3
O-O-O 0-1

[Event "AUTO-ADV-1491"]
[Site "http://www.queenalice.com/game.php?id=661610"]
[Date "2009.10.2"]
[Round "1"]
[White "vult0"]
[Black "fire4"]
[Result "0-1"]
[WhiteElo "1765"]
[BlackElo "1886"]

1. e4 e6 2. d4 d5 3. e5 Nc6 4. Nf3 Bb4+ 5. c3 Ba5 6. Bb5 Bd7 7. O-O Nge7 8. Qd3
O-O 9. Bxc6 Nxc6 10. Ng5 g6 11. Qh3 h5 12. Nf3 b5 13. Bg5 f6 14. Bxf6 Rxf6 15.
exf6 Qxf6 16. Qg3 b4 17. Nh4 Kh7 18. Nf3 Rf8 19. a3 b3 20. Nbd2 Ne7 21. Ne5 Bb5
22. Rfe1 Nf5 23. Qf3 Qg5 24. Nxb3 Bb6 25. Nc1 c5 26. dxc5 Bxc5 27. b4 Nh4 28.
Qh3 Bxf2+ 0-1

[Event "AUTO-ADV-1491"]
[Site "http://www.queenalice.com/game.php?id=661611"]
[Date "2009.10.2"]
[Round "1"]
[White "fire4"]
[Black "vult0"]
[Result "1-0"]
[WhiteElo "1857"]
[BlackElo "1782"]

1. e4 e5 2. Nf3 d6 3. b3 Nf6 4. Bb2 Bg4 5. h3 Bh5 6. g4 Bg6 7. Nc3 Nxe4 8. Qe2
Nxc3 9. dxc3 Nd7 10. O-O-O c6 11. c4 Nc5 12. Nxe5 Be7 13. Nxg6 hxg6 14. Bxg7 Rg8
15. Be5 Qc7 16. Bxd6 1-0

[Event "AUTO-ADV-1491"]
[Site "http://www.queenalice.com/game.php?id=661626"]
[Date "2009.10.2"]
[Round "1"]
[White "CSilva"]
[Black "fire4"]
[Result "1-0"]
[WhiteElo "1747"]
[BlackElo "1878"]

1. e4 b6 2. d4 Bb7 3. Nc3 e6 4. a3 c5 5. d5 exd5 6. exd5 Bd6 7. Nf3 Qe7+ 8. Be2
Nf6 9. O-O Nxd5 10. Nxd5 Bxd5 11. Qxd5 Nc6 12. Bb5 O-O 13. Bxc6 dxc6 14. Qxc6
Qf6 15. Qb5 Rfd8 16. Bg5 Bxh2+ 17. Kh1 Qd6 18. Bxd8 Rxd8 19. Nxh2 Qd2 20. Rfe1
h6 21. Re8+ Rxe8 22. Qxe8+ Kh7 23. Qe4+ g6 24. Ng4 h5 25. Nf6+ Kg7 26. Nd5 Qxf2
27. Qe5+ Kh6 28. Qf4+ Qxf4 29. Nxf4 1-0

[Event "AUTO-ADV-1491"]
[Site "http://www.queenalice.com/game.php?id=661627"]
[Date "2009.10.2"]
[Round "1"]
[White "fire4"]
[Black "CSilva"]
[Result "1-0"]
[WhiteElo "1870"]
[BlackElo "1768"]

1. d4 Nf6 2. Nc3 g6 3. e4 d6 4. d5 Bg7 5. Bc4 O-O 6. Nge2 c6 7. O-O Nbd7 8. Re1
b5 9. Bb3 b4 10. dxc6 Ne5 11. Nd5 Nxc6 12. Bg5 Nxd5 13. exd5 Ne5 14. Ng3 h6 15.
f4 hxg5 16. fxe5 Bxe5 17. Ne4 g4 18. Qd2 Qb6+ 19. Kh1 f5 20. Ng5 Bxb2 21. Rab1
Bc3 22. Qe2 Bxe1 23. Rxe1 Re8 24. Qd2 a5 25. Ne6 Bxe6 26. Rxe6 Kf7 27. Qg5 Qf2
28. Qxg6+ Kf8 29. Qh6+ Kg8 30. Rg6+ 1-0

[Event "AUTO-ADV-1491"]
[Site "http://www.queenalice.com/game.php?id=661636"]
[Date "2009.10.2"]
[Round "1"]
[White "mamutao"]
[Black "fire4"]
[Result "0-1"]
[WhiteElo "1594"]
[BlackElo "1893"]

1. e4 e6 2. d4 c5 3. Nf3 cxd4 4. Nxd4 Bc5 5. Nc3 Qf6 6. Be3 Nc6 7. Ncb5 Kd8 8.
Nxc6+ bxc6 9. Bxc5 cxb5 10. c3 Qe5 11. Qd4 Qxd4 12. Bxd4 f6 13. Bxb5 Ne7 14. O-O
Bb7 15. f3 f5 16. Rad1 fxe4 17. Bxg7 Rg8 18. Rxd7+ Kc8 19. Rxe7 exf3 20. g3 Bd5
21. Ba6+ Kd8 22. Bf6 Rg6 0-1

[Event "AUTO-ADV-1491"]
[Site "http://www.queenalice.com/game.php?id=661637"]
[Date "2009.10.2"]
[Round "1"]
[White "fire4"]
[Black "mamutao"]
[Result "1-0"]
[WhiteElo "1897"]
[BlackElo "1590"]

1. e4 e5 2. d4 exd4 3. Qxd4 Nc6 4. Qe3 Nf6 5. Be2 b6 6. Nc3 Bc5 7. Qg5 O-O 8.
Nf3 Nb4 9. Bd1 Bb7 10. a3 Nc6 11. Nh4 Ne8 12. Qg3 Nd4 13. Be3 Qe7 14. Nd5 Bxd5
15. exd5 Qe4 16. O-O Nxc2 17. Bxc5 bxc5 18. Bxc2 Qxc2 19. Rfe1 Qxb2 20. Nf5 Qf6
21. Re5 Nd6 22. Qg4 Nxf5 23. Rxf5 1-0

[Event "AUTO-ADV-1386"]
[Site "http://www.queenalice.com/game.php?id=664287"]
[Date "2009.10.7"]
[Round "2"]
[White "gdan"]
[Black "fire4"]
[Result "1-0"]
[WhiteElo "2222"]
[BlackElo "1892"]

1. e4 c5 2. Nf3 Nc6 3. d4 e6 4. Nc3 cxd4 5. Nxd4 Qf6 6. Nf3 h6 7. Nb5 Qd8 8.
Nd6+ Bxd6 9. Qxd6 Nf6 10. Bd3 Qe7 11. Qg3 Nh5 12. Qg4 g6 13. O-O d5 14. exd5
exd5 15. Qa4 O-O 16. Bd2 Bd7 17. Qb3 Be6 18. Bxh6 Rfe8 19. Rfe1 Qd7 20. Qa4 Bg4
21. Nd4 a6 22. Nxc6 Kh7 23. f3 Be6 24. Bd2 bxc6 25. Qh4 c5 26. Qxh5+ Kg7 27.
Qh6+ Kg8 28. Bg5 c4 29. Bf6 1-0

[Event "AUTO-ADV-1386"]
[Site "http://www.queenalice.com/game.php?id=664288"]
[Date "2009.10.7"]
[Round "2"]
[White "fire4"]
[Black "gdan"]
[Result "0-1"]
[WhiteElo "1889"]
[BlackElo "2224"]

1. d4 d5 2. Bf4 Nf6 3. e3 c6 4. Nf3 Bg4 5. Nbd2 e6 6. h3 Bh5 7. Be2 Bd6 8. g4
Bxf4 9. gxh5 Bd6 10. Ne5 Qb6 11. b3 Nbd7 12. Ndf3 Nxe5 13. dxe5 Bb4+ 14. Nd2 Ne4
15. h6 g6 16. a3 Bxd2+ 17. Kf1 Bc3 18. Rb1 Bxe5 19. b4 Nc3 20. Qc1 Nxb1 21. Qxb1
c5 22. f4 Bf6 23. Kf2 c4 24. Rd1 O-O-O 25. Bg4 Kb8 26. Kf3 d4 27. e4 d3 28. cxd3
Qd4 29. e5 Bh4 0-1

[Event "AUTO-ADV-1386"]
[Site "http://www.queenalice.com/game.php?id=664291"]
[Date "2009.10.7"]
[Round "2"]
[White "fire4"]
[Black "mg23campos"]
[Result "0-1"]
[WhiteElo "1903"]
[BlackElo "1877"]

1. c4 e5 2. e4 Nf6 3. Nc3 Bc5 4. Nf3 d6 5. b3 Ng4 6. d4 exd4 7. Nxd4 c6 8. Be2
h5 9. h3 Qf6 10. Be3 Nxe3 11. fxe3 Bb4 12. Qd3 Na6 13. O-O-O Nc5 14. Qc2 Bxc3
15. Qxc3 a5 16. Bf3 Qe5 17. Qc2 a4 18. b4 Na6 19. Nf5 Bxf5 20. exf5 Nxb4 21. Qb2
Qxe3+ 22. Rd2 Nd3+ 0-1

[Event "AUTO-ADV-1386"]
[Site "http://www.queenalice.com/game.php?id=664292"]
[Date "2009.10.7"]
[Round "2"]
[White "mg23campos"]
[Black "fire4"]
[Result "1-0"]
[WhiteElo "1900"]
[BlackElo "1909"]

1. e4 e5 2. Nf3 Nc6 3. Bc4 h6 4. d3 Bc5 5. c3 Nge7 6. h4 d5 7. exd5 Nxd5 8. b4
Bb6 9. b5 Na5 10. Nxe5 Qf6 11. Qe2 O-O 12. Bxd5 Re8 13. f4 Qd6 14. Bxf7+ Kh8 15.
Ng6+ Qxg6 16. Qxe8+ 1-0

[Event "AUTO-ADV-1491"]
[Site "http://www.queenalice.com/game.php?id=706725"]
[Date "2010.1.1"]
[Round "2"]
[White "fire4"]
[Black "diego2907"]
[Result "1-0"]
[WhiteElo "1855"]
[BlackElo "1839"]

1. d4 d5 2. Bf4 Nf6 3. Nf3 Bg4 4. Ne5 h6 5. h3 Bd7 6. e3 Bf5 7. Nc3 Ne4 8. Qh5
g6 9. Qf3 Nxc3 10. bxc3 e6 11. Rb1 Bxc2 12. Rxb7 Be4 13. Qe2 Bd6 14. Qb5+ Kf8
15. f3 Bc2 16. h4 a6 17. Qa5 Nd7 18. Nc6 Qc8 19. Bxa6 Nb6 20. Bxd6+ Kg8 21. Rb8
Kh7 22. Rxc8 Rxa6 23. Rxh8+ Kxh8 24. Be5+ Kh7 25. Qxa6 Nc4 26. Bf6 Nxe3 27. Qc8
Nxg2+ 28. Kf2 g5 29. h5 Nf4 30. Qh8# 1-0

[Event "AUTO-ADV-1491"]
[Site "http://www.queenalice.com/game.php?id=706726"]
[Date "2010.1.1"]
[Round "2"]
[White "diego2907"]
[Black "fire4"]
[Result "1-0"]
[WhiteElo "1839"]
[BlackElo "1903"]

1. e4 c5 2. Bc4 Nc6 3. d3 e6 4. a3 h6 5. Nf3 Bd6 6. Nc3 a6 7. h3 b5 8. Bb3 Bb7
9. Qe2 Qa5 10. Bd2 b4 11. Na4 Nf6 12. e5 Nxe5 13. Nxe5 Bxg2 14. Rg1 Bxh3 15.
Rxg7 Bxe5 16. Qxe5 Ng4 17. Qh5 Nxf2 18. Qxf7+ 1-0

[Event "AUTO-ADV-1491"]
[Site "http://www.queenalice.com/game.php?id=706727"]
[Date "2010.1.1"]
[Round "2"]
[White "fire4"]
[Black "Flashinho"]
[Result "0-1"]
[WhiteElo "1870"]
[BlackElo "1901"]

1. c4 c5 2. e4 d6 3. Nc3 Nc6 4. h3 Nf6 5. d3 e6 6. Bg5 Be7 7. Qf3 Nd4 8. Qd1 O-O
9. Be3 Qa5 10. Ne2 e5 11. Qd2 Bd7 12. Bxd4 cxd4 13. Nd5 Qxd2+ 14. Kxd2 Nxd5 15.
cxd5 Bg5+ 16. Ke1 f5 17. h4 Be7 18. Rc1 Rac8 19. Kd2 fxe4 20. dxe4 Rxc1 21. Kxc1
Rxf2 22. Ng3 a5 23. Bd3 Rxg2 24. Nf5 Bxf5 25. exf5 Bf6 26. a4 Rg4 27. h5 e4 28.
Bb1 d3 29. Re1 Rg2 30. Rxe4 Bg5+ 31. Kd1 d2 32. Bc2 Rg1+ 33. Ke2 Re1+ 34. Kd3
d1=Q+ 35. Bxd1 Rxd1+ 36. Kc4 Kf7 37. Re6 Bf4 38. Re4 Be5 39. b3 Kf6 40. Rg4 Kxf5
0-1

[Event "AUTO-ADV-1491"]
[Site "http://www.queenalice.com/game.php?id=706728"]
[Date "2010.1.1"]
[Round "2"]
[White "Flashinho"]
[Black "fire4"]
[Result "1-0"]
[WhiteElo "1919"]
[BlackElo "1869"]

1. d4 e6 2. c4 c5 3. Nc3 cxd4 4. Qxd4 Nc6 5. Qd1 Bb4 6. Bd2 Nf6 7. Nf3 O-O 8. e3
b6 9. Bd3 d5 10. Qc2 g6 11. O-O Bb7 12. a3 Bxc3 13. Bxc3 dxc4 14. Bxc4 Nd5 15.
Rfd1 Qc7 16. Bxd5 exd5 17. b4 Ne7 18. Rac1 Rac8 19. Qb2 Qd6 20. Ne5 Nf5 21. e4
Nh4 22. g3 f6 23. Ng4 Nf3+ 24. Kf1 Rc4 25. Qe2 Ne5 26. Bxe5 Qc6 27. exd5 Qxd5
28. Qxc4 Qxc4+ 29. Rxc4 fxe5 30. Rc7 Bf3 31. Rdd7 Bxg4 32. Rg7+ 1-0

[Event "AUTO-ADV-1491"]
[Site "http://www.queenalice.com/game.php?id=706729"]
[Date "2010.1.1"]
[Round "2"]
[White "fire4"]
[Black "Santista38"]
[Result "1-0"]
[WhiteElo "1886"]
[BlackElo "1913"]

1. c4 d5 2. cxd5 Qxd5 3. Nc3 Qd8 4. d4 Bf5 5. e4 Bg6 6. e5 e6 7. g3 Bb4 8. Bd2
Qxd4 9. Nge2 Qxe5 10. Qb3 Nc6 11. a3 Bxc3 12. Bxc3 Qe4 13. Rg1 Nf6 14. Qxb7 O-O
15. Bg2 Qc2 16. Qxc6 Bd3 17. Bf3 Nd5 18. Nd4 1-0

[Event "AUTO-ADV-1491"]
[Site "http://www.queenalice.com/game.php?id=706730"]
[Date "2010.1.1"]
[Round "2"]
[White "Santista38"]
[Black "fire4"]
[Result "1-0"]
[WhiteElo "1910"]
[BlackElo "1884"]

1. d4 d5 2. Bf4 g6 3. Nc3 Bg7 4. e3 a6 5. Qf3 Nf6 6. Be2 h5 7. h4 b5 8. Qg3 Ra7
9. Bf3 Nc6 10. O-O-O O-O 11. Nge2 Be6 12. e4 b4 13. Nxd5 Nxd5 14. exd5 Bxd5 15.
Qg5 Bxf3 16. gxf3 Qd7 17. Be3 Qe6 18. d5 Bxb2+ 19. Kxb2 Qe5+ 20. Qxe5 Nxe5 21.
Bxa7 1-0